000
00210nam a2200097Ia 4500
008
240331s9999 xx 000 0 und d
082
_b
AMB
100
_a
Ambathkar, B.R
245
0
_a
Indiyavil sathihal
942
_c
L
999
_c
1383
_d
1383